[Event "Principal 2022/2023"]
[Site "Vitrolles"]
[Date "2022.10.08"]
[Round "1"]
[White "Haddad, Oussama"]
[Black "Baroyan, Davit"]
[Result "0-1"]
[WhiteElo "2054"]
[BlackElo "2193"]
[PlyCount "63"]

1. d4 Nf6 2. c4 e6 3. Nc3 Bb4 4. Qc2 O-O 5. Bg5 h6 6. Bh4 d6 7. e3 b6 8. Nge2
e5 9. O-O-O Bxc3 10. Nxc3 Nbd7 11. g4 exd4 12. Bg2 dxc3 13. Bxa8 cxb2+ 14. Kxb2
g5 15. Bg3 Nc5 16. Bd5 Nxd5 17. cxd5 Qf6+ 18. Rd4 Bxg4 19. h4 Bf5 20. Qc3 Re8
21. hxg5 hxg5 22. f3 Bd3 23. e4 Kf8 24. e5 dxe5 25. Rg4 Bf5 26. Rc4 Kg7 27. Ka3
Qd6 28. Rxc5 bxc5 29. Rd1 f6 30. Qc4 Rb8 31. Bf2 Qb6 32. Rd2 0-1

[Event "Principal 2022/2023"]
[Site "Vitrolles"]
[Date "2022.10.08"]
[Round "1"]
[White "Busson, Benoit"]
[Black "Derige Kane, Yan"]
[Result "0-1"]
[WhiteElo "1832"]
[BlackElo "2136"]
[PlyCount "86"]

1. e4 c6 2. d4 d5 3. f3 dxe4 4. fxe4 e5 5. Nf3 Bg4 6. Bc4 Nd7 7. c3 Bd6 8. O-O
Ngf6 9. Bg5 O-O 10. Nbd2 Qc7 11. Be2 b5 12. Qc2 exd4 13. Bxf6 Nxf6 14. cxd4
Bxh2+ 15. Kh1 Bf4 16. e5 Nd5 17. Qe4 f5 18. Qd3 Qf7 19. Rf2 Qh5+ 20. Kg1 Be3
21. Nf1 Bxf2+ 22. Kxf2 f4 23. Rc1 Kh8 24. a3 Rac8 25. Rc5 a6 26. Qc2 Ne3 27.
Nxe3 fxe3+ 28. Kxe3 Qh6+ 29. Kf2 Qh4+ 30. Ke3 Bxf3 31. Bxf3 Rcd8 32. e6 Qxd4+
33. Ke2 Rfe8 34. Rxc6 Qe5+ 35. Kf2 Rxe6 36. Rxe6 Qxe6 37. Qc3 Qb6+ 38. Kf1 Qd4
39. Qc6 Qc4+ 40. Qxc4 bxc4 41. Ke2 Rb8 42. Kd2 Rxb2+ 43. Kc3 Rb3+ 0-1

[Event "Principal 2022/2023"]
[Site "Vitrolles"]
[Date "2022.10.08"]
[Round "1"]
[White "Avanesyan, Davit"]
[Black "Rasolo, Loick"]
[Result "1/2-1/2"]
[WhiteElo "2106"]
[BlackElo "2012"]
[PlyCount "69"]

1. e4 c5 2. Nf3 d6 3. Bb5+ Bd7 4. Qe2 Nc6 5. Nc3 Nf6 6. e5 Nxe5 7. Nxe5 dxe5 8.
Qxe5 e6 9. d3 a6 10. Bxd7+ Qxd7 11. Bf4 Be7 12. O-O O-O 13. Rad1 Rfd8 14. Ne4
Qd5 15. Qc7 Rd7 16. Qe5 Qxe5 17. Bxe5 Nxe4 18. dxe4 Rad8 19. Rxd7 Rxd7 20. Bc3
f6 21. f3 c4 22. Kf2 Bc5+ 23. Ke2 Kf7 24. Rb1 b5 25. b4 Bd4 26. Be1 Ke7 27. f4
f5 28. Bh4+ Bf6 29. Bxf6+ Kxf6 30. e5+ Ke7 31. Rd1 Rxd1 32. Kxd1 Kd7 33. Ke2
Kc6 34. c3 Kd5 35. Ke3 1/2-1/2

[Event "Principal 2022/2023"]
[Site "Vitrolles"]
[Date "2022.10.08"]
[Round "1"]
[White "Nobili, Denis"]
[Black "Anton, Jose"]
[Result "1-0"]
[WhiteElo "1863"]
[BlackElo "1746"]
[PlyCount "89"]

1. d4 d5 2. c4 Nc6 3. Nf3 Bg4 4. Nc3 dxc4 5. d5 Bxf3 6. exf3 Ne5 7. Bxc4 Nxc4
8. Qa4+ c6 9. Qxc4 cxd5 10. Nxd5 Rc8 11. Qb3 e6 12. Nc3 Qd7 13. Be3 a6 14. O-O
Nf6 15. Rfd1 Bd6 16. Bf4 Rc6 17. Bxd6 Rxd6 18. Rxd6 Qxd6 19. Qxb7 O-O 20. Rd1
Qb8 21. Qxb8 Rxb8 22. Kf1 Kf8 23. Rd2 Ke7 24. Ke2 Rb6 25. Kd1 h6 26. Kc2 Nd7
27. b3 Rc6 28. b4 Nb6 29. Kb3 f5 30. a4 g5 31. a5 Nc4 32. Rd4 Nd6 33. Na4 Nb5
34. Rd3 Nc7 35. Rc3 Kd6 36. Rxc6+ Kxc6 37. Kc4 Nd5 38. Nc5 Nc7 39. Nxa6 Nxa6
40. b5+ Kb7 41. bxa6+ Kxa6 42. Kd4 Kxa5 43. Ke5 Kb6 44. Kxe6 f4 45. Kf5 1-0

[Event "Principal 2022/2023"]
[Site "Vitrolles"]
[Date "2022.10.08"]
[Round "1"]
[White "Hileyan, Michel"]
[Black "Fabet, Olivier"]
[Result "1-0"]
[WhiteElo "1833"]
[BlackElo "1634"]
[PlyCount "81"]

1. d4 Nf6 2. Bf4 d5 3. e3 c5 4. c3 Nc6 5. Nd2 e6 6. Ngf3 b6 7. Bd3 Bb7 8. O-O
Bd6 9. Ne5 Qc7 10. Nxc6 Bxf4 11. exf4 Bxc6 12. f5 O-O 13. Re1 Qf4 14. g3 Qg5
15. f4 Qh6 16. fxe6 fxe6 17. Rxe6 Bd7 18. Re7 Rae8 19. Rxe8 Rxe8 20. Nf3 Ng4
21. Qd2 Re3 22. Ne5 Nxe5 23. Qxe3 Ng4 24. Qe2 c4 25. Bc2 g5 26. f5 Nf6 27. Re1
Qh3 28. Qg2 Qg4 29. h3 Qh5 30. Re7 Kf8 31. g4 Qh4 32. Re3 Kf7 33. Qg3 Qh6 34.
Qb8 Qg7 35. Qxa7 h5 36. Ba4 Kg8 37. Bxd7 Nxd7 38. Re8+ Kh7 39. Rd8 Nf6 40.
Qxg7+ Kxg7 41. gxh5 1-0

[Event "Principal 2022/2023"]
[Site "Vitrolles"]
[Date "2022.10.08"]
[Round "1"]
[White "Konate, Salma"]
[Black "Bohli, Adam"]
[Result "1-0"]
[WhiteElo "1827"]
[BlackElo "1816"]
[PlyCount "69"]

1. e4 e5 2. Nf3 Nc6 3. d4 exd4 4. Nxd4 Bb4+ 5. c3 Bc5 6. Be3 Bb6 7. Bd3 Nf6 8.
O-O O-O 9. Re1 Re8 10. Nxc6 bxc6 11. Bg5 h6 12. Bh4 d6 13. h3 Re6 14. e5 Qe8
15. Bxf6 gxf6 16. Qg4+ Kf8 17. Nd2 Rxe5 18. Rxe5 fxe5 19. Qe4 Bb7 20. Qh7 Qe6
21. Ba6 Bc8 22. Bd3 Ke7 23. Nf3 Qf6 24. Qe4 Bb7 25. Nd4 Bxd4 26. cxd4 Rb8 27.
dxe5 dxe5 28. Re1 Kd6 29. Bc4 c5 30. Qd3+ Ke7 31. Qe3 Kd6 32. Rd1+ Kc6 33. Bd5+
Kb6 34. Qb3+ Ka6 35. Bc4+ 1-0

[Event "Principal 2022/2023"]
[Site "Vitrolles"]
[Date "2022.11.19"]
[Round "2"]
[White "Baroyan, Davit"]
[Black "Anton, Jose"]
[Result "1-0"]
[WhiteElo "2193"]
[BlackElo "1746"]
[PlyCount "51"]

1. Nf3 d5 2. g3 c5 3. Bg2 Nc6 4. d4 cxd4 5. Nxd4 e5 6. Nxc6 bxc6 7. c4 Bb4+ 8.
Nc3 Ne7 9. cxd5 Bxc3+ 10. bxc3 cxd5 11. Ba3 Be6 12. O-O Qd7 13. Qd2 Rd8 14. Qg5
Ng6 15. Rfd1 f6 16. Qe3 Ne7 17. Qc5 Kf7 18. e4 Rhe8 19. exd5 Bg4 20. Rd2 Rc8
21. Qb4 Rb8 22. Qe4 Bf5 23. Qe3 Qa4 24. c4 Qxc4 25. d6 Nc6 26. Bd5+ 1-0

[Event "Principal A 2022/2023"]
[Site "Vitrolles"]
[Date "2022.11.19"]
[Round "2"]
[White "Haddad, Oussama"]
[Black "Konate, Salma"]
[Result "1-0"]
[WhiteElo "2054"]
[BlackElo "1827"]
[PlyCount "91"]

1. d4 d5 2. c4 c6 3. Nf3 Nf6 4. Nc3 e6 5. e3 Nbd7 6. Bd3 dxc4 7. Bxc4 b5 8. Bd3
Bd6 9. O-O O-O 10. e4 e5 11. Bg5 exd4 12. Ne2 c5 13. Bxb5 Qb6 14. Bd3 Ng4 15.
b3 Nge5 16. Ne1 Nxd3 17. Nxd3 Ne5 18. Nef4 Bb7 19. Nxe5 Bxe5 20. Nd3 Qg6 21.
Nxe5 Qxg5 22. f4 Qe7 23. Qc2 f6 24. Qc4+ Kh8 25. Nd3 Rac8 26. e5 fxe5 27. Nxe5
Qf6 28. Rf2 Rc7 29. Rd1 Ba6 30. Qa4 Re7 31. Nd7 Qe6 32. Nxf8 Qe1+ 33. Rf1 Qe3+
34. Kh1 Bxf1 35. Rxf1 Qe2 36. Rg1 d3 37. f5 Qe1 38. Ne6 d2 39. Qg4 Rd7 40. Qd1
Qf2 41. Ng5 Re7 42. Nf3 Re2 43. h3 Qe3 44. Rf1 Qe4 45. Qb1 Qf4 46. Qd3 1-0

[Event "Principal B 2022/2023"]
[Site "Vitrolles"]
[Date "2022.11.19"]
[Round "2"]
[White "Derige Kane, Yan"]
[Black "Rasolo, Loick"]
[Result "1-0"]
[WhiteElo "2136"]
[BlackElo "2012"]
[PlyCount "55"]

1. d4 Nf6 2. Bg5 c5 3. Bxf6 gxf6 4. d5 Qb6 5. Qc1 d6 6. c4 Bg7 7. Nc3 Bf5 8. e4
Bg6 9. Bd3 Nd7 10. Nf3 Ne5 11. Nxe5 fxe5 12. O-O h5 13. Qc2 h4 14. Rab1 Qd8 15.
b4 cxb4 16. Rxb4 b6 17. a4 Bh6 18. a5 f6 19. axb6 axb6 20. Rfb1 Kf7 21. Rxb6
Ra1 22. c5 Rxb1+ 23. Qxb1 dxc5 24. d6 Rf8 25. Nd5 exd6 26. Rb7+ Kg8 27. Qb6
Qxb6 28. Nxb6 1-0

[Event "Principal B 2022/2023"]
[Site "Vitrolles"]
[Date "2022.11.19"]
[Round "2"]
[White "Busson, Benoit"]
[Black "Hileyan, Michel"]
[Result "1-0"]
[WhiteElo "1832"]
[BlackElo "1833"]
[PlyCount "55"]

1. e4 d5 2. exd5 Nf6 3. Nf3 Qxd5 4. Nc3 Qh5 5. Be2 Bg4 6. O-O Nc6 7. d3 O-O-O
8. h3 e5 9. Ng5 Bxe2 10. Qxe2 Qxe2 11. Nxe2 Rd7 12. a3 h6 13. Ne4 Nd5 14. N4c3
Bc5 15. Nxd5 Rxd5 16. b4 Bd4 17. c3 Bxc3 18. Nxc3 Rxd3 19. Ne4 Rhd8 20. f4 f5
21. Nc5 Rd1 22. fxe5 Rxf1+ 23. Kxf1 Rd1+ 24. Ke2 Rg1 25. Kf2 Rd1 26. e6 b6 27.
Nb3 Kd8 28. Bg5+ 1-0

[Event "Principal B 2022/2023"]
[Site "Vitrolles"]
[Date "2022.11.19"]
[Round "2"]
[White "Fabet, Olivier"]
[Black "Avanesyan, Davit"]
[Result "0-1"]
[WhiteElo "1634"]
[BlackElo "2106"]
[PlyCount "56"]

1. e4 c5 2. Nf3 Nc6 3. d4 cxd4 4. Nxd4 e5 5. Nb5 d6 6. N1c3 a6 7. Na3 b5 8. Nd5
Nge7 9. Be3 Nxd5 10. exd5 Ne7 11. c4 Nf5 12. Nc2 Nxe3 13. Nxe3 g6 14. Be2 Bg7
15. O-O O-O 16. cxb5 f5 17. a4 f4 18. Nc2 e4 19. f3 exf3 20. Rxf3 Qb6+ 21. Kh1
axb5 22. Rb3 Bf5 23. Bd3 Bxd3 24. Qxd3 f3 25. Qe3 fxg2+ 26. Kg1 Qc7 27. Rc3
Bxc3 28. bxc3 Rae8 0-1

[Event "Principal 2022/2023"]
[Site "Vitrolles"]
[Date "2022.12.03"]
[Round "3.1"]
[White "Hileyan, Michel"]
[Black "Derige Kane, Yan"]
[Result "0-1"]
[WhiteElo "1840"]
[BlackElo "2162"]
[PlyCount "60"]

1. d4 d5 2. Bf4 c5 3. e3 cxd4 4. exd4 Nc6 5. c3 Bf5 6. Nf3 e6 7. Qb3 Qd7 8. Bb5
f6 9. O-O Nge7 10. Re1 Ng6 11. Bg3 h5 12. h3 h4 13. Bh2 Bd6 14. Bxd6 Qxd6 15.
Qd1 Nf4 16. Bf1 O-O-O 17. Na3 g5 18. b4 g4 19. hxg4 Bxg4 20. Re3 Rdg8 21. b5
Nh3+ 22. gxh3 Bxf3+ 23. Bg2 Rxg2+ 24. Kf1 Rxf2+ 25. Kxf2 Qg3+ 26. Kf1 Qxh3+ 27.
Ke1 Qh1+ 28. Kd2 Bxd1 29. Rxd1 Qg2+ 30. Re2 Qg5+ 0-1

[Event "Principal 2022/2023"]
[Site "Vitrolles"]
[Date "2022.12.03"]
[Round "3.2"]
[White "Nobili, Denis"]
[Black "Haddad, Oussama"]
[Result "0-1"]
[WhiteElo "1849"]
[BlackElo "2055"]
[PlyCount "46"]

1. d4 Nf6 2. c4 e6 3. Nf3 d5 4. Nc3 c6 5. cxd5 exd5 6. Bg5 Bf5 7. e3 Be7 8. Be2
O-O 9. O-O Re8 10. h3 Nbd7 11. Rc1 Ne4 12. Bf4 Ndf6 13. Ne5 Bd6 14. g4 Bg6 15.
g5 Bxe5 16. Bxe5 Nxg5 17. Kh2 Bf5 18. Rg1 Nxh3 19. Rg3 Nxf2 20. Rxg7+ Kxg7 21.
Qg1+ Bg6 22. Qxf2 Rxe5 23. dxe5 Nd7 0-1

[Event "Principal 2022/2023"]
[Site "Vitrolles"]
[Date "2022.12.03"]
[Round "3.3"]
[White "Konate, Salma"]
[Black "Baroyan, Davit"]
[Result "0-1"]
[WhiteElo "1837"]
[BlackElo "2172"]
[PlyCount "54"]

1. e4 c5 2. c3 d5 3. exd5 Qxd5 4. d4 g6 5. Nf3 Bg7 6. Be2 Nh6 7. Na3 Nf5 8. Nb5
Na6 9. dxc5 Qxc5 10. Nbd4 O-O 11. Nxf5 Bxf5 12. Be3 Qc7 13. Bxa6 bxa6 14. Qe2
Rfd8 15. Nd4 Be4 16. f3 Bd5 17. Qxa6 Rab8 18. Qe2 e5 19. Nb3 Bc4 20. Qc2 a5 21.
Nc1 e4 22. f4 Bd3 23. Nxd3 exd3 24. Qd1 d2+ 25. Kf2 Rxb2 26. Rb1 Rxa2 27. g3
Qxc3 0-1

[Event "Principal 2022/2023"]
[Site "Vitrolles"]
[Date "2022.12.03"]
[Round "3.4"]
[White "Avanesyan, Davit"]
[Black "Busson, Benoit"]
[Result "1-0"]
[WhiteElo "2087"]
[BlackElo "1842"]
[PlyCount "105"]

1. e4 e6 2. d4 d5 3. Nc3 dxe4 4. Nxe4 Nf6 5. Nxf6+ gxf6 6. Be2 Nc6 7. c3 b6 8.
Bf3 Bb7 9. Qa4 Qd7 10. Bf4 Na5 11. Qxd7+ Kxd7 12. Bxb7 Nxb7 13. O-O-O h5 14. h4
Nd6 15. Nh3 c6 16. f3 Nf5 17. g4 Nxh4 18. g5 Be7 19. gxf6 Bxf6 20. Bg5 Ke7 21.
Bxf6+ Kxf6 22. Nf4 Kg5 23. Nxe6+ fxe6 24. Rdg1+ Ng2 25. Rxg2+ Kf4 26. Rh4+ Kxf3
27. Rg5 Raf8 28. Rhxh5 Rxh5 29. Rxh5 Rf5 30. Rh6 e5 31. dxe5 Rxe5 32. Rxc6 Re7
33. Rd6 Rh7 34. Kc2 Ke4 35. Kb3 Ke5 36. Rd4 Rc7 37. Kb4 Rh7 38. Rd2 Rc7 39. c4
Ke6 40. Rd5 a6 41. a4 Ke7 42. b3 Ke6 43. a5 Rb7 44. axb6 Rxb6+ 45. Ka4 Rc6 46.
Ka5 Ke7 47. c5 Rh6 48. b4 Rg6 49. Rd6 Rxd6 50. cxd6+ Kxd6 51. Kxa6 Kc7 52. b5
Kb8 53. Kb6 1-0

[Event "Principal 2022/2023"]
[Site "Vitrolles"]
[Date "2022.12.03"]
[Round "3.5"]
[White "Rasolo, Loick"]
[Black "Fabet, Olivier"]
[Result "1-0"]
[WhiteElo "1975"]
[BlackElo "1639"]
[PlyCount "26"]

1. e4 e5 2. Nf3 Nc6 3. d4 exd4 4. Bc4 Nf6 5. O-O Bc5 6. e5 d5 7. exf6 dxc4 8.
fxg7 Rg8 9. Bg5 Qd6 10. Re1+ Be6 11. Nbd2 Rxg7 12. Ne4 Qf8 13. Nf6+ Kd8 1-0

[Event "Principal 2022/2023"]
[Site "Vitrolles"]
[Date "2023.01.07"]
[Round "4.2"]
[White "Derige Kane, Yan"]
[Black "Fabet, Olivier"]
[Result "1-0"]
[WhiteElo "2162"]
[BlackElo "1639"]
[PlyCount "61"]

1. d4 Nf6 2. Bg5 d5 3. e3 c5 4. Bxf6 exf6 5. dxc5 Nc6 6. Nf3 Bxc5 7. c3 Be6 8.
Nbd2 a6 9. Be2 Ne5 10. O-O O-O 11. Nb3 Bb6 12. Qc2 Qc7 13. Rad1 Rac8 14. Rd2
Nc4 15. Bxc4 dxc4 16. Nbd4 Rfd8 17. Rfd1 g6 18. Qe4 Bd5 19. Qh4 Bxf3 20. Nxf3
Rxd2 21. Rxd2 Kg7 22. h3 Ba7 23. Qe4 b5 24. Qd5 Qc6 25. Qxc6 Rxc6 26. Rd7 Bc5
27. Nd4 Rb6 28. g3 h5 29. Kf1 f5 30. Rc7 Kf6 31. Rxc5 1-0

[Event "Principal 2022/2023"]
[Site "Vitrolles"]
[Date "2023.01.07"]
[Round "4.3"]
[White "Hileyan, Michel"]
[Black "Avanesyan, Davit"]
[Result "1/2-1/2"]
[WhiteElo "1840"]
[BlackElo "2087"]
[PlyCount "72"]

1. d4 Nf6 2. Bf4 g6 3. e3 Bg7 4. Nf3 d6 5. h3 O-O 6. Be2 Nc6 7. O-O e5 8. Bh2
exd4 9. exd4 Ne4 10. c3 a5 11. a4 b6 12. Na3 Bb7 13. Qc2 Ne7 14. Bd3 Nf6 15.
Nd2 Ned5 16. Ne4 Nh5 17. Qd2 f5 18. Ng3 Nhf4 19. Bc4 Kh8 20. Ne2 Qg5 21. Bxd5
Nxh3+ 22. Kh1 Qxd2 23. Bxb7 Rab8 24. Bf3 Ng5 25. Bf4 Nxf3 26. Bxd2 Nxd2 27.
Rfe1 Bh6 28. d5 Nb3 29. Rab1 Rbe8 30. Nd4 Nxd4 31. cxd4 Bd2 32. Rxe8 Rxe8 33.
Nb5 Re2 34. Kg1 Bg5 35. Nxc7 Bf6 36. Ne6 Rd2 1/2-1/2

[Event "Principal 2022/2023"]
[Site "Vitrolles"]
[Date "2023.01.07"]
[Round "4.4"]
[White "Haddad, Oussama"]
[Black "Anton, Jose"]
[Result "1-0"]
[WhiteElo "2055"]
[BlackElo "1744"]
[PlyCount "66"]

1. d4 Nf6 2. c4 e5 3. dxe5 Ne4 4. Nf3 b6 5. Qd5 Bb7 6. Qxb7 Nc6 7. Be3 Bb4+ 8.
Kd1 a5 9. Ng5 Nc5 10. Bxc5 Bxc5 11. e6 dxe6+ 12. Nd2 O-O 13. Nge4 Nb4 14. Nxc5
bxc5 15. Qf3 Qd7 16. a3 Rad8 17. Qc3 Nc6 18. e3 Ne5 19. Be2 f6 20. Ke1 Qc6 21.
Nf3 Nf7 22. Qxa5 Rb8 23. Qc3 Nd6 24. Nd2 Rb6 25. Bf3 Qd7 26. Ke2 Rd8 27. Rhd1
Rdb8 28. Rab1 Qa4 29. b4 cxb4 30. axb4 Rxb4 31. Rxb4 Rxb4 32. Ra1 Rxc4 33. Nxc4
Nb5 1-0

[Event "Principal 2022/2023"]
[Site "Vitrolles"]
[Date "2023.01.07"]
[Round "4.5"]
[White "Konate, Salma"]
[Black "Nobili, Denis"]
[Result "1-0"]
[WhiteElo "1837"]
[BlackElo "1849"]
[PlyCount "61"]

1. e4 c5 2. c3 d5 3. exd5 Qxd5 4. d4 Nc6 5. Nf3 Nf6 6. Be2 cxd4 7. cxd4 Bg4 8.
Nc3 Qd6 9. Be3 e6 10. Qb3 Qb4 11. Qc2 Be7 12. a3 Qd6 13. O-O O-O 14. Rad1 Rfd8
15. Ng5 Bxe2 16. Qxe2 h6 17. Nge4 Nxe4 18. Nxe4 Qd5 19. Ng3 Rac8 20. Qg4 Kh7
21. Nh5 Rg8 22. f4 g6 23. Ng3 Bf6 24. Ne2 Qe4 25. Qh3 Qf5 26. g4 Qd5 27. f5 g5
28. fxe6 Qxe6 29. d5 Qe7 30. dxc6 Rxc6 31. Nd4 1-0

[Event "Principal 2022/2023"]
[Site "Vitrolles"]
[Date "2023.01.07"]
[Round "4.6"]
[White "Busson, Benoit"]
[Black "Rasolo, Loick"]
[Result "1/2-1/2"]
[WhiteElo "1842"]
[BlackElo "1975"]
[PlyCount "55"]

1. e4 e5 2. a3 Nf6 3. Nc3 Bc5 4. Nf3 d6 5. Be2 h6 6. d4 exd4 7. Nxd4 Nc6 8.
Nxc6 bxc6 9. O-O O-O 10. Bf3 a5 11. Re1 Nd7 12. Bf4 Ne5 13. Bxe5 dxe5 14. Qxd8
Rxd8 15. Rad1 Be6 16. Rxd8+ Rxd8 17. Rd1 Rb8 18. Na4 Bd4 19. Rb1 Ba2 20. Ra1
Bc4 21. c3 Bb3 22. Bd1 Bxa4 23. Bxa4 Bc5 24. b4 axb4 25. axb4 Bb6 26. Bxc6 Rd8
27. Ra8 Rxa8 28. Bxa8 1/2-1/2

[Event "Principal 2022/2023"]
[Site "Vitrolles"]
[Date "2023.01.07"]
[Round "5.1"]
[White "Avanesyan, Davit"]
[Black "Derige Kane, Yan"]
[Result "1/2-1/2"]
[WhiteElo "2087"]
[BlackElo "2162"]
[PlyCount "61"]

1. e4 c6 2. d4 d5 3. f3 dxe4 4. fxe4 e5 5. Nf3 Bg4 6. Bc4 Nd7 7. O-O Ngf6 8. c3
Bd6 9. Qb3 Qe7 10. Bg5 b5 11. Bd3 O-O 12. Nbd2 Rad8 13. h3 Bh5 14. Nh4 Bg6 15.
Nxg6 hxg6 16. Nf3 Nc5 17. Qc2 Nxd3 18. Qxd3 Bc7 19. Kh1 Rfe8 20. Rfe1 Qd6 21.
Qc2 Rd7 22. Bxf6 Qxf6 23. a4 a6 24. axb5 axb5 25. Ra6 Red8 26. d5 Rd6 27. dxc6
Rxc6 28. Rxc6 Qxc6 29. Rd1 Rxd1+ 30. Qxd1 Qxe4 31. Qd7 1/2-1/2

[Event "Principal 2022/2023"]
[Site "Vitrolles"]
[Date "2023.01.07"]
[Round "5.2"]
[White " Nobili, Denis"]
[Black "Baroyan,  Davit"]
[Result "1/2-1/2"]
[WhiteElo "1849"]
[BlackElo "2172"]
[PlyCount "74"]

1. d4 Nf6 2. c4 e6 3. g3 Bb4+ 4. Bd2 Bxd2+ 5. Nxd2 c5 6. Ngf3 Nc6 7. dxc5 e5 8.
e4 Qa5 9. a3 Qxc5 10. b4 Qe7 11. Bg2 d6 12. O-O a5 13. b5 Nd8 14. Re1 Bg4 15.
h3 Bxf3 16. Bxf3 Ne6 17. a4 O-O 18. Nb3 Rfc8 19. Rc1 Nc5 20. Nxc5 Rxc5 21. Kg2
Nd7 22. Re3 Nb6 23. Be2 g6 24. Ra3 Rac8 25. Qd2 Nxc4 26. Bxc4 Rxc4 27. Rxc4
Rxc4 28. Qxa5 Rxe4 29. Qc3 b6 30. Qc6 d5 31. Qxd5 Rd4 32. Qf3 Qa7 33. Qc6 Qe7
34. Ra2 Qd8 35. Re2 f6 36. Ra2 Rd1 37. Rc2 Rd4 1/2-1/2

[Event "Principal 2022/2023"]
[Site "Vitrolles"]
[Date "2023.01.07"]
[Round "5.4"]
[White "Anton, Jose"]
[Black "Konate, Salma"]
[Result "1-0"]
[WhiteElo "1744"]
[BlackElo "1837"]
[PlyCount "87"]

1. e4 c5 2. d4 cxd4 3. c3 dxc3 4. Nxc3 e6 5. Nf3 Nc6 6. Bc4 Bb4 7. O-O Bxc3 8.
bxc3 Nge7 9. Bg5 f6 10. Be3 O-O 11. Qd6 Qa5 12. Bc5 Qxc3 13. Rac1 Qa5 14. Rfd1
Qd8 15. h4 Qe8 16. Rd3 Rf7 17. h5 f5 18. e5 a6 19. Bb6 Rf8 20. h6 gxh6 21. Nd4
Ng6 22. Rg3 Kh8 23. Nf3 Qe7 24. Qd2 f4 25. Rh3 Qg7 26. Re1 Rg8 27. Bf1 Nge7 28.
Nh2 Nd5 29. Bd4 Nce7 30. f3 Nf5 31. Ng4 Qf8 32. Bb2 Nde3 33. Nxe3 Nxe3 34. Rxe3
fxe3 35. Qxe3 Qg7 36. Bc1 b5 37. Qd3 Qxe5 38. Rxh6 Rg7 39. Be3 Qc7 40. Bg5 Qc5+
41. Be3 Qe7 42. Bd4 e5 43. Bf2 Kg8 44. Qd5+ 1-0

[Event "Principal 2022/2023"]
[Site "Vitrolles"]
[Date "2023.01.07"]
[Round "5.5"]
[White "Rasolo, Loick"]
[Black "Hileyan, Michel"]
[Result "0-1"]
[WhiteElo "1975"]
[BlackElo "1840"]
[PlyCount "128"]

1. e4 d5 2. exd5 Nf6 3. d4 Nxd5 4. c4 Nb6 5. Nf3 g6 6. h3 Bg7 7. Nc3 Nc6 8. c5
Nd5 9. Bc4 e6 10. O-O O-O 11. Bxd5 exd5 12. Bg5 f6 13. Bf4 g5 14. Bg3 f5 15.
Ne5 f4 16. Bh2 Nxe5 17. dxe5 c6 18. Qd4 Qc7 19. Rfe1 Re8 20. Qd1 Bf5 21. Qh5 h6
22. Bxf4 Qf7 23. Qxf7+ Kxf7 24. Bg3 Bf8 25. Rac1 Rad8 26. b4 Bg7 27. a4 d4 28.
Ne4 Bxe4 29. Rxe4 d3 30. Rd1 Rd5 31. f3 Ke6 32. Kf2 Red8 33. Rd2 a5 34. Ke3
axb4 35. Rxb4 Bf8 36. Rc4 Bxc5+ 37. Ke4 Rd4+ 38. Rxd4 Rxd4+ 39. Ke3 Rg4+ 40.
Kxd3 Rxg3 41. Kc4 Bg1 42. Re2 h5 43. a5 g4 44. hxg4 hxg4 45. Rb2 gxf3 46. gxf3
Rg7 47. Re2 Rf7 48. Rg2 Rf4+ 49. Kd3 Rxf3+ 50. Ke4 Rf1 51. a6 Re1+ 52. Kf4 b5
53. Rg6+ Kd7 54. Rg7+ Ke6 55. Rg6+ Kd5 56. Rd6+ Kc5 57. a7 Ra1 58. Rd7 Kb6 59.
e6 Bc5 60. e7 Bxe7 61. Rxe7 Rxa7 62. Re6 Rc7 63. Ke3 b4 64. Ke2 Kb5 0-1

[Event "Principal 2022/2023"]
[Site "Vitrolles"]
[Date "2023.01.07"]
[Round "5.6"]
[White "Fabet, Olivier"]
[Black "Busson, Benoit"]
[Result "1/2-1/2"]
[WhiteElo "1639"]
[BlackElo "1842"]
[PlyCount "82"]

1. e4 e5 2. Nf3 Nc6 3. Bb5 f5 4. Nc3 fxe4 5. Nxe4 Nf6 6. Nxf6+ Qxf6 7. d3 d5 8.
Bg5 Qf5 9. Qd2 Bd6 10. O-O O-O 11. Bxc6 bxc6 12. Rae1 h6 13. Bh4 Qh5 14. Bg3
Rxf3 15. gxf3 Bh3 16. Qe3 Rf8 17. Kh1 Bxf1 18. Rxf1 Qxf3+ 19. Qxf3 Rxf3 20. Kg2
Rf5 21. Re1 Kf7 22. h4 g5 23. hxg5 Rxg5 24. Rh1 h5 25. Kf3 Kg6 26. Rh4 Kf5 27.
Ra4 Bc5 28. Rh4 Bb6 29. Ke2 Kg6 30. Kf3 Rf5+ 31. Kg2 c5 32. c4 c6 33. Rh3 Bd8
34. Kf1 a6 35. Ke2 Bg5 36. Rh1 Bf6 37. b3 h4 38. Bxh4 Bxh4 39. Rxh4 Rh5 40.
Rg4+ Rg5 41. Rh4 Rh5 1/2-1/2

[Event "Principal 2022/2023"]
[Site "Vitrolles"]
[Date "2023.07.01"]
[Round "6.1"]
[White "Anton, Jose"]
[Black "Hileyan, Michel"]
[Result "1-0"]
[WhiteElo "1744"]
[BlackElo "1840"]
[PlyCount "35"]

1. e4 d5 2. exd5 Nf6 3. Nf3 Bg4 4. c4 c6 5. d4 cxd5 6. Nc3 e6 7. c5 Nc6 8. Bb5
Be7 9. Qa4 O-O 10. Bxc6 Bxf3 11. Bxb7 Bxg2 12. Rg1 Qc7 13. Bxa8 Rxa8 14. Rxg2
e5 15. Be3 exd4 16. Qxd4 Rc8 17. Nxd5 Qa5+ 18. b4 1-0

[Event "Principal 2022/2023"]
[Site "Vitrolles"]
[Date "2023.07.01"]
[Round "6.3"]
[White "Nobili, Denis"]
[Black "Fabet, Olivier"]
[Result "0-1"]
[WhiteElo "1849"]
[BlackElo "1639"]
[PlyCount "48"]

1. d4 Nf6 2. c4 a6 3. a4 e6 4. g3 d5 5. Bg2 c6 6. Nf3 dxc4 7. O-O b5 8. Ne5 Bb7
9. b3 cxb3 10. Bb2 Be7 11. Qxb3 b4 12. a5 Nfd7 13. Nd3 Ra7 14. e4 O-O 15. Nd2
Ba8 16. Rfc1 Rc7 17. e5 Bb7 18. Nc5 Nxc5 19. dxc5 Qxd2 20. Rd1 Qe2 21. f3 Bxc5+
22. Kh1 Rd7 23. Bf1 Rxd1 24. Rxd1 Qe3 0-1

[Event "Principal 2022/2023"]
[Site "Vitrolles"]
[Date "2023.07.01"]
[Round "6.4"]
[White "Avanesyan, Davit"]
[Black "Baroyan, Davit"]
[Result "1/2-1/2"]
[WhiteElo "2079"]
[BlackElo "2182"]
[PlyCount "49"]

1. Nf3 Nf6 2. g3 b6 3. Bg2 Bb7 4. O-O c5 5. d3 e6 6. e4 d6 7. Nc3 Be7 8. Ng5 h6
9. Nh3 Nc6 10. f4 Nd4 11. Ne2 e5 12. c3 Nxe2+ 13. Qxe2 Qc8 14. Nf2 exf4 15.
gxf4 O-O 16. Bh3 Qd8 17. Nd1 c4 18. dxc4 Nxe4 19. Bg2 d5 20. cxd5 Qxd5 21. Bxe4
Bc5+ 22. Nf2 Qxe4 23. Qxe4 Bxe4 24. Re1 Rfe8 25. b4 1/2-1/2

[Event "Principal 2022/2023"]
[Site "Vitrolles"]
[Date "2023.07.01"]
[Round "6.5"]
[White "Haddad, Oussama"]
[Black "Derige Kane, Yan"]
[Result "0-1"]
[WhiteElo "2050"]
[BlackElo "2170"]
[PlyCount "116"]

1. d4 d5 2. c4 e6 3. Nc3 a6 4. cxd5 exd5 5. Bf4 Nf6 6. e3 Bd6 7. Bg5 Be6 8. Qb3
Nbd7 9. Bd3 b5 10. Nf3 c5 11. dxc5 Nxc5 12. Qc2 Rc8 13. O-O h6 14. Bh4 O-O 15.
a3 Na4 16. Rfc1 Be7 17. Nd4 Nd7 18. Bxe7 Qxe7 19. Qd2 Nab6 20. b3 Ne5 21. Be2
Ned7 22. Bf3 Nf6 23. Qd3 Nbd7 24. Nf5 Qd8 25. Nxd5 Rxc1+ 26. Rxc1 Nxd5 27. Bxd5
Nf6 28. Be4 Nxe4 29. Qxe4 Qd2 30. Rb1 Bxf5 31. Qxf5 Rd8 32. h3 Qa2 33. Rc1 Qxa3
34. Rc8 Qd6 35. Rxd8+ Qxd8 36. Qc5 Qd1+ 37. Kh2 Qxb3 38. Qc8+ Kh7 39. Qxa6 Qd5
40. Qa1 Qd6+ 41. f4 b4 42. Qb1+ Kg8 43. Qc2 Qe6 44. e4 Qf6 45. Qc8+ Kh7 46. Qb8
Qd4 47. Qb7 Qc4 48. f5 b3 49. h4 h5 50. Kh3 f6 51. Kh2 Qc3 52. Qf7 Qe5+ 53. g3
b2 54. Qb3 Qd4 55. Qc2 Qb4 56. Qe2 g6 57. fxg6+ Kxg6 58. Qf3 b1=Q 0-1

[Event "Principal 2022/2023"]
[Site "Vitrolles"]
[Date "2023.03.04"]
[Round "7.2"]
[White "Fabet, Olivier"]
[Black "Anton, Jose"]
[Result "1-0"]
[WhiteElo "1642"]
[BlackElo "1755"]
[PlyCount "61"]

1. e4 c5 2. Nf3 Nc6 3. d4 cxd4 4. Nxd4 e5 5. Nb5 d6 6. N1c3 a6 7. Na3 Be7 8.
Nd5 Nf6 9. Be3 O-O 10. Nb6 Rb8 11. Nxc8 Qxc8 12. f3 b5 13. c3 Rd8 14. Bd3 d5
15. exd5 Nxd5 16. Qe2 Nxe3 17. Qxe3 Na5 18. Nc2 Bc5 19. Qe4 g6 20. g4 Nc6 21.
h4 b4 22. h5 bxc3 23. hxg6 hxg6 24. b3 Qc7 25. O-O-O Nb4 26. Nxb4 Rxb4 27. Bc4
Bd4 28. Qxg6+ Kf8 29. Rh8+ Ke7 30. Qxf7+ Kd6 31. Rh6+ 1-0

[Event "Principal 2022/2023"]
[Site "Vitrolles"]
[Date "2023.03.04"]
[Round "7.3"]
[White "Busson, Benoit"]
[Black "Nobili, Denis"]
[Result "1-0"]
[WhiteElo "1847"]
[BlackElo "1830"]
[PlyCount "54"]

1. e4 c5 2. b4 cxb4 3. a3 e6 4. axb4 Bxb4 5. c3 Be7 6. d4 d6 7. f4 Nf6 8. Bd3
e5 9. Nf3 Bg4 10. fxe5 dxe5 11. Qa4+ Bd7 12. Qb3 exd4 13. cxd4 O-O 14. O-O Nc6
15. e5 Be6 16. Qxb7 Nxd4 17. exf6 Bxf6 18. Ra3 Bd5 19. Qa6 Nxf3+ 20. gxf3 Bd4+
21. Kh1 Rc8 22. Nd2 Rc6 23. Qa4 Be3 24. Bxh7+ Kxh7 25. Rxe3 Qg5 26. Ne4 Qh4 27.
Rd3 Rh6 1-0